Online katalóg knižníc regiónu Turca

Divný Janko (Record no. 22733)

MARC details
000 -LEADER
fixed length control field 01000nam a2200325 a 4500
001 - CONTROL NUMBER
control field 22733
003 - CONTROL NUMBER IDENTIFIER
control field SK-KTurca
005 - DATE AND TIME OF LATEST TRANSACTION
control field 20260421162805.0
008 - FIXED-LENGTH DATA ELEMENTS--GENERAL INFORMATION
fixed length control field 250414s1979 xo 0 slo
015 ## - NATIONAL BIBLIOGRAPHY NUMBER
National bibliography number SNBA1980
035 ## - SYSTEM CONTROL NUMBER
System control number SNK000049648
040 ## - CATALOGING SOURCE
Original cataloging agency SNK
Language of cataloging slo
Transcribing agency SNK
Description conventions AACR2
041 0# - LANGUAGE CODE
Language code of text/sound track or separate title xo
044 ## - COUNTRY OF PUBLISHING/PRODUCING ENTITY CODE
MARC country code xo
ISO country code SK
080 ## - UNIVERSAL DECIMAL CLASSIFICATION NUMBER
Universal Decimal Classification number 885.4-1
Edition identifier 1981
100 1# - MAIN ENTRY--PERSONAL NAME
Personal name Poničan, Ján
Relationship aut
245 10 - TITLE STATEMENT
Title Divný Janko
Statement of responsibility, etc. Ján Poničan ; Július Lenko, Katarína Schillerová, Ladislav Vančo
250 ## - EDITION STATEMENT
Edition statement 10. vyd.
260 ## - PUBLICATION, DISTRIBUTION, ETC.
Place of publication, distribution, etc. Bratislava
Name of publisher, distributor, etc. Slovenský spisovateľ
Date of publication, distribution, etc. 1979
Place of manufacture Liptovský Mikuláš
Manufacturer Tlačiarne SNP
300 ## - PHYSICAL DESCRIPTION
Extent 55 s., 1,46 AH
Dimensions 16 cm
366 ## - TRADE AVAILABILITY INFORMATION
Note 5000 výtl.
490 0# - SERIES STATEMENT
Series statement Klenoty
Volume/sequential designation Zv. 2.
500 ## - GENERAL NOTE
General note Ilustr. na front.
700 1# - ADDED ENTRY--PERSONAL NAME
Personal name Lenko, Július,
Dates associated with a name 1914-2000
Relationship [ADC]
700 1# - ADDED ENTRY--PERSONAL NAME
Personal name Keményová, Katarína,
Dates associated with a name 1952-
Relationship ill
700 1# - ADDED ENTRY--PERSONAL NAME
Personal name Vančo, Ladislav,
Dates associated with a name 1949-
Relationship bkd
942 ## - ADDED ENTRY ELEMENTS (KOHA)
Source of classification or shelving scheme Dewey Decimal Classification
Koha item type Krásna literatúra pre dospelých
Suppress in OPAC No
Holdings
Stav vyradenia Strata Poškodenie Spôsob nadobudnutia Domovská knižnica Aktuálna knižnica Dátum nadobudnutia Total checkouts Čiarový kód exemplára Date last seen Typ exemplára
      Dar Obecná knižnica Horná Štubňa Obecná knižnica Horná Štubňa 21.04.2026   4736202273 21.04.2026 Krásna literatúra pre dospelých
Projekt je podporený Slovenskou asociáciou knižníc
Prevádzkuje Turčianska knižnica Martin 2026